Catalog

Record Details

Catalog Search



I, Michael Bennett  Cover Image Large Print Book Large Print Book

I, Michael Bennett / James Patterson and Michael Ledwidge.

Patterson, James, 1947- (Author). Ledwidge, Michael. (Added Author).

Summary:

Detective Michael Bennett takes his family to upstate New York in an effort to escape a lawless crime wave erupting in Manhattan, only to find himself immersed in another nightmare, one that endangers his relationship with his wife.

Record details

  • ISBN: 9781620901403
  • ISBN: 1620901404
  • ISBN: 9780446571814
  • Physical Description: 550 pages (large print) ; 22 cm
  • Edition: Doubleday large print home library edition.
  • Publisher: New York : Little, Brown and Co., [2012]
Subject: Bennett, Michael (Fictitious character) > Fiction.
Police > New York (State) > New York > Fiction.
Organized crime > Fiction.
Hispanic American gangs > Fiction.
Police > Violence against > Fiction.
Large type books.

Available copies

  • 1 of 1 copy available at scottsboropl.

Holds

  • 0 current holds with 1 total copy.
Show Only Available Copies
Location Call Number / Copy Notes Barcode Shelving Location Status Due Date
scottsboropl F Pat 32269001134462 Adult - Fiction Available -

LDR 01618cam a2200397Ii 4500
001152632
003CONS
00520200122133514.0
008120716r20122012nyu d 000 1 eng d
020 . ‡a9781620901403 ‡q(large print ; hardback)
020 . ‡a1620901404 ‡q(large print ; hardback)
020 . ‡a9780446571814
035 . ‡a(CPomAG)LMN614462
043 . ‡an-us-ny
05014. ‡aPS3566.A822 ‡bI6 2012
08204. ‡a813/.54 ‡222
1001 . ‡aPatterson, James, ‡d1947-
24510. ‡aI, Michael Bennett / ‡cJames Patterson and Michael Ledwidge.
250 . ‡aDoubleday large print home library edition.
264 1. ‡aNew York : ‡bLittle, Brown and Co., ‡c[2012]
300 . ‡a550 pages (large print) ; ‡c22 cm
336 . ‡atext ‡btxt ‡2rdacontent
337 . ‡aunmediated ‡bn ‡2rdamedia
338 . ‡avolume ‡bnc ‡2rdacarrier
340 . ‡nlarge print ‡2rda
520 . ‡aDetective Michael Bennett takes his family to upstate New York in an effort to escape a lawless crime wave erupting in Manhattan, only to find himself immersed in another nightmare, one that endangers his relationship with his wife.
650 0. ‡aBennett, Michael (Fictitious character) ‡vFiction.
650 0. ‡aPolice ‡zNew York (State) ‡zNew York ‡vFiction.
650 0. ‡aOrganized crime ‡vFiction.
650 0. ‡aHispanic American gangs ‡vFiction.
650 0. ‡aPolice ‡xViolence against ‡vFiction.
650 0. ‡aLarge type books.
7001 . ‡aLedwidge, Michael.
914 . ‡aSCP_LP ‡dLMN_cm
959 . ‡i32269001134462 ‡lF Pat ‡aAdult - Fiction ‡tHardback ‡g25.00
852 . ‡p32269001134462 ‡jF Pat ‡gAdult - Fiction ‡cHardback ‡y25.00 ‡bSBPL
901 . ‡a152632 ‡bUnknown ‡c152632 ‡tbiblio

Additional Resources